MARC

LEADER 00000nam0a2200000 4500
001 156485
005 20231101221915.0
010 |a 5982982911 
035 |a (RuTPU)RU\TPU\book\169726 
090 |a 156485 
100 |a 20090327d2008 m y0rusy50 ca 
101 0 |a rus 
102 |a RU 
105 |a a j 001zy 
200 1 |a Дозиметрия, спектрометрия полей ионизирующих излучений   |e методические указания  |f М. Е. Силаев, А. В. Хадкевич  |g Томский политехнический университет (ТПУ) 
210 |a Томск  |c Изд-во ТПУ  |d 2008 
215 |a 30 с.  |c ил. 
320 |a Библиография в конце лабораторных работ. 
452 1 |0 (RuTPU)RU\TPU\book\204803  |t Дозиметрия, спектрометрия полей ионизирующих излучений  |o методические указания  |f М. Е. Силаев, А. В. Хадкевич  |g Томский политехнический университет (ТПУ)  |c Томск  |n Изд-во ТПУ  |d 2008  |a Силаев, Максим Евгеньевич 
606 1 |a Ионизирующие излучения  |x Дозиметрия  |x Физика  |2 stltpush  |3 (RuTPU)RU\TPU\subj\39291  |9 59440 
610 1 |a дозиметрия 
610 1 |a спектрометрия 
610 1 |a физика 
610 1 |a лабораторные работы 
610 1 |a методические указания 
610 1 |a труды учёных ТПУ 
610 1 |a атомная энергетика 
610 1 |a экология 
675 |a 539.1.074(076.5)  |v 3 
700 1 |a Силаев  |b М. Е.  |g Максим Евгеньевич 
701 1 |a Хадкевич  |b А. В.  |g Антон Валерьевич 
712 0 2 |a Томский политехнический университет (ТПУ)  |c (1991- )  |2 stltpush  |3 (RuTPU)RU\TPU\col\376 
801 1 |a RU  |b 63413507  |c 20090327  |g PSBO 
801 2 |a RU  |b 63413507  |c 20201116  |g PSBO 
900 |a Проблемы экологии ЯТЦ 
900 |a Дозиметрия и защита от ионизирующего излучения ядерного реактора 
900 |a Дозиметрия и защита от излучений 
942 |c BK